000 00344 a2200157 4500
001 75625
020 _a9788576662402
040 _cAnchieta - Colégio São Paulo
100 _aÍndigo
240 1 0 _aChega de sujeira:
_lpor
245 1 0 _aChega de sujeira:
300 _a[24]
362 0 _a2005
650 4 _aLiteratura infantil
942 _cBK
999 _c75625
_d75625